000 00915cam a2200265 a 4500
001 000019386
005 20200929170013.0
008 760511s1964 sp 000 d spa d
035 _a(DLC) 76461884
040 _aDO-SdBNP
_cDLC
_dDLC
_dBNPHU
082 _a862.5
_bZ88tr
100 1 _aZorrilla, José,
_d1817-1893.
_94939
245 1 0 _aTraidor, inconfeso y mártir :
_bdrama histórico en tres actos. La calentura: drama fantástico en un acto /
_cJosé Zorrilla.
260 _aMadrid :
_bEspasa-Calpe,
_c1964.
300 _a150 p. ;
_c18 cm.
490 1 _aAustral. Violeta: teatro y poesía
_v1346
500 _aIncluye índice de autores
650 4 _aTeatro español
_93071
650 4 _aLiteratura española
_9632
700 1 2 _aZorrilla, José,
_d1817-1893.
_94939
830 0 _aAustral.
_pVioleta: teatro y poesía;
_v1346
_939559
910 _aCatalogación derivada / LC
910 _aWM
049 _aBNGR
999 _c18902
_d18902